000
00267nam a2200097Ia 4500
008
240331s9999 xx 000 0 und d
082
_b
DEV
100
_a
SLFI. ed
245
0
_a
Devolution Proposals :
_b
away forward- a summary of the proceedings of the seminar
942
_c
L
999
_c
2867
_d
2867